00518nam a2200157 i 4500001000300000100002200003245007400025260002100099040000800120041000800128942000700136008004100143999001700184856009800201952006100299bg1 aSIMON HERBERT, A. 0aPodejmowanie decyzji kierowniczych :bnowe nurty /cA. Simon Herbert. aWarszawa,c1982. cBPK apol cKS s pl f |000 0 pol  c21143d21143 uhttp://koha.tu.koszalin.pl/cgi-bin/koha/opac-detail.pl?biblionumber=21143yKatalog online BPK 00104070aBPKbBPKcwo29680p01159837s2017-10-07yKS